Countries That Recognized Palestine During the Gaza War - Statistics

General Stats
  • This quiz has been taken 61 times
  • The average score is 4 of 10
Answer Stats
Date of Recognition Country % Correct
05/28/24 Spain
93%
05/28/24 Ireland
82%
05/28/24 Norway
73%
02/02/25 Mexico
38%
06/04/24 Slovenia
32%
06/21/24 Armenia
30%
04/19/24 Barbados
13%
04/22/24 Jamaica
12%
05/07/24 Bahamas
8%
05/02/24 Trinidad and Tobago
7%
No matching quizzes found
Score Distribution
Percent of People with Each Score
Percentile by Number Answered
Your Score History
You have not taken this quiz